| 000 | 00816nam a2200205 a 4500 | ||
|---|---|---|---|
| 005 | 20210219151106.0 | ||
| 008 | 991125n198 mx 000 0 spa u | ||
| 035 | _aUPN01000027460 | ||
| 049 | _aAV | ||
| 099 | _aPVI C 0615 | ||
| 245 | 0 | 0 | _aHéctor Mendoza. |
| 260 |
_aMéxico : _bCNCA : _bSEP, Televisión Educativa, _c[198-]. |
||
| 300 |
_a1 videocasete (VHS) (25 min.) : _bson., col. |
||
| 440 | 4 |
_aLos nuestros ; _v8 |
|
| 520 | _aHéctor Mendoza, dramaturgo y director teatral cuyos méritos le hicieron acreedor al premio Juan Ruiz de Alarcón en 1953 y al premio de la Asociación de Críticos Independientes en 1966 | ||
| 500 | _aRealización: Guita Shefter | ||
| 501 | _aCon: Alejandro Galindo -- Luis Cardoza y Aragón -- Hugo Velázquez | ||
| 600 | 1 | 4 |
_aMENDOZA, HECTOR, _d1932- |
| 905 | _aAudiovisuales | ||
| 999 |
_c27460 _d27460 |
||